[Event "RUS-chT 30th"]
[Site "Sochi"]
[Date "2023.05.04"]
[Round "4.5"]
[White "Timerkhanov, Alexander"]
[Black "Kuzminykh, Nikita"]
[Result "1-0"]
[WhiteElo "2352"]
[BlackElo "2063"]
[PlyCount "62"]
[EventDate "2023.05.01"]
[EventType "team-tourn"]
[EventRounds "9"]
[EventCountry "RUS"]
[SourceTitle "CBM 214 Extra"]
[Source "ChessBase"]
[SourceDate "2023.07.31"]
[SourceVersion "1"]
[SourceVersionDate "2023.07.31"]
[SourceQuality "1"]
[WhiteTeam "St Petersburg SSHOR"]
[BlackTeam "Voronezh Inleksis"]
[WhiteTeamCountry "RUS"]
[BlackTeamCountry "RUS"]

1. d4 d5 2. c4 e6 3. Nc3 c6 4. e3 f5 5. Nf3 Nf6 6. Bd3 Bd6 7. Qc2 Ne4 8. a3 a5 9. b3 0-0 10. Bb2 Nd7 11. h3 b6 12. cxd5 exd5 13. Nxe4 fxe4 14. Qxc6 Nf6 15. Qxa8 exf3 16. gxf3 Qd7 17. Rc1 Bb7 18. Qa7 b5 19. Qxa5 b4 20. a4 Nh5 21. Be2 Qe7 22. Qb5 g6 23. Kd2 Bc8 24. Qxd5+ Be6 25. Qxe6+ Qxe6 26. Bc4 Qxc4 27. Rxc4 Rxf3 28. Ke2 Rf5 29. Ra1 Rg5 30. a5 Rg2 31. a6 Bf8 1-0

[Event "RUS-chT 30th"]
[Site "Sochi"]
[Date "2023.05.02"]
[Round "2.4"]
[White "Demidov, Mikhail"]
[Black "Kuzminykh, Nikita"]
[Result "1-0"]
[WhiteElo "2583"]
[BlackElo "2063"]
[PlyCount "71"]
[EventDate "2023.05.01"]
[EventType "team-tourn"]
[EventRounds "9"]
[EventCountry "RUS"]
[SourceTitle "CBM 214 Extra"]
[Source "ChessBase"]
[SourceDate "2023.07.31"]
[SourceVersion "1"]
[SourceVersionDate "2023.07.31"]
[SourceQuality "1"]
[WhiteTeam "Moscow Team"]
[BlackTeam "Voronezh Inleksis"]
[WhiteTeamCountry "RUS"]
[BlackTeamCountry "RUS"]

1. Nf3 d5 2. g3 e6 3. c4 c6 4. b3 Nf6 5. Bg2 Be7 6. 0-0 0-0 7. Bb2 Nbd7 8. Qc2 b6 9. d3 Bb7 10. e4 Rc8 11. Nbd2 Qc7 12. e5 Ne8 13. Rfe1 Qb8 14. h4 c5 15. Re2 Qa8 16. Rf1 Nc7 17. Ng5 h6 18. Nh3 b5 19. f4 Nb6 20. h5 bxc4 21. dxc4 dxc4 22. bxc4 Bxg2 23. Rxg2 Qc6 24. g4 Qa4 25. Qc1 Rcd8 26. f5 Rd3 27. f6 Rxh3 28. fxe7 Re8 29. g5 hxg5 30. Ne4 Rxh5 31. Rxg5 Rh6 32. Rg4 Kh8 33. Rxf7 Qxc4 34. Qxh6+ gxh6 35. Rf8+ Kh7 36. Nf6# 1-0

[Event "Voronezh Petrovsky op"]
[Site "Voronezh"]
[Date "2022.06.17"]
[Round "9"]
[White "Kuzminykh, Nikita"]
[Black "Kislov, Sergey Aleksandrovi"]
[Result "1-0"]
[WhiteElo "1968"]
[BlackElo "2245"]
[PlyCount "93"]
[EventDate "2022.06.10"]
[EventType "swiss"]
[EventRounds "9"]
[EventCountry "RUS"]
[SourceTitle "EXT 2023"]
[Source "ChessBase"]
[SourceDate "2022.10.05"]
[SourceVersion "1"]
[SourceVersionDate "2022.10.05"]
[SourceQuality "1"]

1. e4 c5 2. Nf3 a6 3. c3 Nf6 4. Bd3 d6 5. h3 Nc6 6. 0-0 g6 7. Bc2 Bg7 8. Re1 0-0 9. d4 cxd4 10. cxd4 e5 11. dxe5 dxe5 12. Nc3 Be6 13. Bb3 Qxd1 14. Rxd1 Bxb3 15. axb3 Rfd8 16. Bg5 h6 17. Bxf6 Bxf6 18. Nd5 Bg7 19. Rac1 Kf8 20. Nb6 Rxd1+ 21. Rxd1 Rd8 22. Rxd8+ Nxd8 23. Nxe5 Ke7 24. Nd3 Kd6 25. Kf1 Kc6 26. Nd5 a5 27. Ne3 b5 28. f4 Ne6 29. b4 axb4 30. b3 Bc3 31. Nc2 Kd6 32. Ke2 Nc5 33. Nxc5 Kxc5 34. Kd3 Bb2 35. e5 f5 36. exf6 Bxf6 37. Ke4 Bc3 38. Ne3 h5 39. f5 gxf5+ 40. Nxf5 Bf6 41. g4 hxg4 42. hxg4 Kc6 43. Nd4+ Kc5 44. Nf3 Kd6 45. g5 Bc3 46. Nd4 Kc5 47. Nf5 1-0

[Event "Voronezh op-B 23rd"]
[Site "Voronezh"]
[Date "2019.06.17"]
[Round "6"]
[White "Pokhvalit, Alexander"]
[Black "Kuzminykh, Nikita"]
[Result "1/2-1/2"]
[WhiteElo "2014"]
[BlackElo "1737"]
[PlyCount "110"]
[EventDate "2019.06.12"]
[EventType "swiss"]
[EventRounds "9"]
[EventCountry "RUS"]
[SourceTitle "EXT 2020"]
[Source "ChessBase"]
[SourceDate "2019.10.17"]
[SourceVersion "1"]
[SourceVersionDate "2019.10.17"]
[SourceQuality "1"]

1. Nf3 Nf6 2. d4 d5 3. g3 e6 4. Bg2 Be7 5. 0-0 0-0 6. c4 dxc4 7. Qa4 a6 8. Qxc4 b5 9. Qc2 Bb7 10. Bf4 Nc6 11. Rd1 Nb4 12. Qc1 Nbd5 13. Be5 Nd7 14. e4 N5f6 15. Bxc7 Qc8 16. Nfd2 Ne8 17. Bf4 Nef6 18. f3 h6 19. Nb3 Qxc1 20. Rxc1 Rac8 21. N1d2 g5 22. Be3 Rxc1+ 23. Rxc1 Rc8 24. Rxc8+ Bxc8 25. Na5 Kf8 26. Nc6 Bb7 27. Nxe7 Kxe7 28. h4 gxh4 29. gxh4 h5 30. Bg5 Ke8 31. Nf1 Nh7 32. Ng3 Nxg5 33. hxg5 h4 34. Nh5 e5 35. d5 Nc5 36. Bh3 Nd3 37. d6 Nxb2 38. Nf6+ Kd8 39. Be6 Nc4 40. d7 Nd6 41. Ng4 Bxe4 42. fxe4 Nxe4 43. Bxf7 Nxg5 44. Be8 e4 45. Kf1 h3 46. Ne5 Ne6 47. Kg1 e3 48. Bh5 Nc5 49. Bg4 Nxd7 50. Bxd7 h2+ 51. Kxh2 e2 52. Nd3 Kxd7 53. Kg2 e1N+ 54. Nxe1 Kc6 55. Kf2 Kc5 1/2-1/2

[Event "Voronezh op-B 23rd"]
[Site "Voronezh"]
[Date "2019.06.12"]
[Round "1"]
[White "Kuzminykh, Nikita"]
[Black "Iliushkin, Evgeny"]
[Result "1/2-1/2"]
[WhiteElo "1737"]
[BlackElo "2148"]
[PlyCount "120"]
[EventDate "2019.06.12"]
[EventType "swiss"]
[EventRounds "9"]
[EventCountry "RUS"]
[SourceTitle "CBM 191 Extra"]
[Source "ChessBase"]
[SourceDate "2019.09.30"]
[SourceVersion "1"]
[SourceVersionDate "2019.09.30"]
[SourceQuality "1"]

1. e4 c5 2. Nf3 e6 3. c3 d5 4. exd5 exd5 5. d4 Nc6 6. Bf4 Bd6 7. Bxd6 Qxd6 8. dxc5 Qxc5 9. Nbd2 Nf6 10. Nb3 Qb6 11. Be2 0-0 12. 0-0 Re8 13. Re1 Bg4 14. h3 Bh5 15. Nfd4 Nxd4 16. Nxd4 Bg6 17. Qb3 Qc7 18. Bf3 Be4 19. Bxe4 dxe4 20. Rad1 Rad8 21. Re2 a6 22. Rde1 g6 23. f3 exf3 24. Rxe8+ Rxe8 25. Rxe8+ Nxe8 26. Nxf3 Qc5+ 27. Kh2 Nd6 28. Qd1 Kg7 29. b4 Qc7 30. Qd4+ f6 31. Qf4 g5 32. Qg3 Qe7 33. Nd4 Qe5 34. Qxe5 fxe5 35. Ne6+ Kf6 36. Nc5 e4 37. Kg3 Ke5 38. Nd7+ Kd5 39. Nf6+ Kc4 40. Nxh7 Nf7 41. Nf6 e3 42. Kf3 Kxc3 43. Kxe3 Kxb4 44. Ne4 Ka3 45. Nc5 Nd8 46. g3 a5 47. h4 gxh4 48. gxh4 Kxa2 49. h5 b5 50. h6 Nf7 51. h7 b4 52. Kd2 b3 53. Nxb3 Kxb3 54. Kc1 Ka2 55. Kc2 a4 56. Kc1 Nh8 57. Kc2 a3 58. Kc1 Kb3 59. Kb1 a2+ 60. Ka1 Ka3 1/2-1/2

[Event "Voronezh op-B 22nd"]
[Site "Voronezh"]
[Date "2018.06.15"]
[Round "4"]
[White "Kuzminykh, Nikita"]
[Black "Filippov, Vladimir Serg"]
[Result "0-1"]
[WhiteElo "1658"]
[BlackElo "1881"]
[PlyCount "50"]
[EventDate "2018.06.12"]
[EventType "swiss"]
[EventRounds "9"]
[EventCountry "RUS"]
[SourceTitle "CBM 185 Extra"]
[Source "ChessBase"]
[SourceDate "2018.07.29"]
[SourceVersion "1"]
[SourceVersionDate "2018.07.29"]
[SourceQuality "1"]

1. e4 d6 2. d4 Nf6 3. Nc3 g6 4. f4 Bg7 5. Nf3 0-0 6. Bd3 Na6 7. a3 c5 8. Bxa6 cxd4 9. Nxd4 bxa6 10. h3 Bb7 11. Qd3 Qc7 12. 0-0 Rfc8 13. Nf3 Nd7 14. Nd4 Rab8 15. Bd2 Qb6 16. Be3 Nc5 17. Qd2 Nxe4 18. Nxe4 Bxe4 19. Nf5 Qb7 20. Nd4 Bxd4 21. Qxd4 Rxc2 22. Bf2 Bxg2 23. Rfc1 Bxh3 24. Qd5 Qxd5 25. Rxc2 Qg2# 0-1

[Event "Voronezh op-B 22nd"]
[Site "Voronezh"]
[Date "2018.06.14"]
[Round "3"]
[White "Teryaeva, Valeria"]
[Black "Kuzminykh, Nikita"]
[Result "1-0"]
[WhiteElo "1787"]
[BlackElo "1658"]
[PlyCount "57"]
[EventDate "2018.06.12"]
[EventType "swiss"]
[EventRounds "9"]
[EventCountry "RUS"]
[SourceTitle "CBM 185 Extra"]
[Source "ChessBase"]
[SourceDate "2018.07.29"]
[SourceVersion "1"]
[SourceVersionDate "2018.07.29"]
[SourceQuality "1"]

1. e4 e5 2. Nc3 Bc5 3. g3 Nf6 4. Bg2 d6 5. Nge2 Nc6 6. Na4 Bb6 7. Nxb6 axb6 8. c4 Be6 9. d3 0-0 10. f4 Bg4 11. h3 Bxe2 12. Qxe2 Nd4 13. Qd1 h6 14. f5 Qd7 15. a4 c6 16. g4 d5 17. 0-0 dxe4 18. dxe4 b5 19. h4 bxc4 20. g5 hxg5 21. hxg5 Ne8 22. Ra3 g6 23. f6 Nc7 24. Rh3 Rfb8 25. Kf2 Rd8 26. Rfh1 Qxh3 27. Rxh3 Nb3 28. Qh1 Rd3 29. Rh8# 1-0

[Event "Voronezh op-B 22nd"]
[Site "Voronezh"]
[Date "2018.06.13"]
[Round "2"]
[White "Kuzminykh, Nikita"]
[Black "Vasiljev, Ilya"]
[Result "1/2-1/2"]
[WhiteElo "1658"]
[BlackElo "1816"]
[PlyCount "90"]
[EventDate "2018.06.12"]
[EventType "swiss"]
[EventRounds "9"]
[EventCountry "RUS"]
[SourceTitle "CBM 185 Extra"]
[Source "ChessBase"]
[SourceDate "2018.07.29"]
[SourceVersion "1"]
[SourceVersionDate "2018.07.29"]
[SourceQuality "1"]

1. e4 e6 2. d4 d5 3. Nd2 Nf6 4. e5 Nfd7 5. Bd3 c5 6. c3 Nc6 7. Ne2 cxd4 8. cxd4 f6 9. exf6 Nxf6 10. Nf3 Bd6 11. 0-0 0-0 12. Ng3 Qc7 13. Re1 Bd7 14. a3 a5 15. Be3 Rae8 16. Rc1 Qb8 17. Qc2 e5 18. dxe5 Nxe5 19. Nxe5 Bxe5 20. Bc5 Bd6 21. Bxd6 Qxd6 22. Bf5 Bb5 23. Qd2 b6 24. Qd4 g6 25. Bd3 Bxd3 26. Qxd3 Rxe1+ 27. Rxe1 Qc5 28. Qe3 Qxe3 29. Rxe3 Rc8 30. Rc3 Rxc3 31. bxc3 Kf7 32. Kf1 Ke6 33. f3 Kd6 34. Ke2 Kc5 35. Kd3 Nd7 36. f4 Kd6 37. Ne2 Nc5+ 38. Kd4 b5 39. g4 Na4 40. f5 gxf5 41. gxf5 Nb6 42. Nf4 Nc4 43. Nxd5 Nxa3 44. f6 Ke6 45. Kc5 a4 1/2-1/2